000
00228nam a22000857a 4500
008
160920b xxu||||| |||| 00| 0 eng d
100
_9
676
_a
Sharma.J.P.
245
_a
Biology Activities-XII
260
_a
New Delhi
_b
LP. Publications
_c
2011
999
_c
3333
_d
3333